[Event "Bermuda"]
[Site "Bermuda"]
[Date "2005.02.06"]
[Round "7"]
[White "Macieja, Bartlomiej"]
[Black "Dominguez Perez, Leinier"]
[Result "1-0"]
[WhiteElo "2618"]
[BlackElo "2661"]
[Annotator "Lukacs,P"]
[PlyCount "55"]
[EventDate "2005.01.30"]
[EventType "tourn"]
[EventRounds "10"]
[EventCountry "BER"]
[EventCategory "17"]
[SourceTitle "CBM 106"]
[Source "ChessBase"]
[SourceDate "2005.06.06"]
[SourceVersion "1"]
[SourceVersionDate "2005.06.06"]
[SourceQuality "1"]

1. c4 c6 2. e4 d5 3. cxd5 cxd5 4. exd5 Nf6 5. Qa4+ (5. Nc3 {is the main line
leading to the Panov Attack in many cases.}) 5... Nbd7 6. Nc3 g6 7. Nf3 Bg7 8.
Bc4 (8. Qb3 a6 {/\ b5, Bb7} (8... O-O 9. Bc4 Nc5 {- Kacheishvili-Negulescu,
New York 1999 CBM 70} (9... a6 10. a4 Qa5 {- Becerra Rivera-Burmakin, Linares
op 1997 CBM 58})) 9. a4 Nb6 (9... Qb6 10. Bc4 Qxb3 11. Bxb3 {and it is not so
easy for Black to get back the sacrificed P.} Nc5 12. Bc4 Bf5 13. d4 Nd3+ 14.
Bxd3 Bxd3 15. Bf4 {/\ d6} O-O 16. O-O-O Bc4 17. d6 exd6 18. Bxd6 Rfc8 19. a5
Ng4 (19... Nd5 $5) 20. Bg3 $14 {Rodriguez Talavera-Lopez, Sevilla 1992}) (9...
O-O 10. Bc4 {- 8...0-0 9. Bc4 a6 10.a4}) 10. Bc4 {This move doesn't look
healthy, and later White has to give back the P anyway.} (10. a5 {gives back
the P immediately, but gets some |^, at least for a while.} Nbxd5 11. Bc4 e6
12. O-O O-O 13. d3 b5 (13... h6 {is a slow plan. Black has to solve the
problem of his c8 B.} 14. Bd2 Qd7 15. Rfe1 Rd8 16. Rac1 Qd6 17. Ne4 Qf8 18. h3
Kh7 19. Ng3 Bd7 {Perhaps it is too late.} 20. Ne4 Be8 21. Nxf6+ Bxf6 22. Bxd5
Rxd5 23. Qxb7 $16 {winning an important P on the <<, G.Kuzmin-Kruppa, Nikolaev
1993.}) 14. axb6 Nxb6 15. Be3 Nfd7 $5 {This seems to be the logical
continuation.} (15... Nxc4 {This strengthens White's P structure.} 16. dxc4 (
16. Qxc4 $6 {is out of question because of} Bb7 $15) 16... Qc7 17. Bb6 Qb8 18.
Na4 {White has to concentrate all of his forces on the <<.} Bb7 $5 (18... Nd7
19. Rfd1 Nxb6 20. Nxb6 Ra7 21. c5 Rc7 22. Rac1 Qb7 23. Qa3 $14 {with a strong
o^ on c5, Fernandez Garcia-Silman, New York 1987.}) 19. Bc5 (19. Bd4 Ng4 $1 {
suddenly Black gets counterchances on the >>.} 20. Bxg7 Kxg7 (20... Bxf3 $4 21.
Qxb8 Rfxb8 22. gxf3 $18) 21. g3 Qc7 $13) 19... Rc8 20. Rfd1 Be4 21. Qe3 Bc2 $13
) 16. Na4 (16. Rfd1 Bb7 $13) 16... Nxa4 (16... Nxc4 17. dxc4 (17. Qxc4 $6 Bb7
$15) 17... Rb8 18. Qc2 Bb7 $13 {^^}) 17. Rxa4 Qc7 (17... Rb8 18. Rb4) 18. Rc1
Nc5 19. Bxc5 (19. Bb5 $6 {is strongly answered by} Qxh2+ $1 20. Kxh2 Nxb3 21.
Rc7 Rb8 22. Bxa6 Bxa6 23. Rxa6 Bxb2 {1/2:1/2 A.Rodriguez-P.Schlosser,
Cienfuegos 1997}) 19... Qxc5 20. d4 Qd6 $11 {with a comfortable position for
Black because of the weaknesses on b2 and d4.}) 10... Nxc4 (10... O-O 11. O-O)
11. Qxc4 O-O 12. O-O b6 (12... b5 $5 {looks also tempting for example:} 13. Qc5
(13. Qb3 Bb7) 13... Bb7 14. axb5 (14. Re1 Nxd5) 14... axb5 15. Rxa8 Qxa8 16.
Re1 Nxd5 $13 {with a strong ^^.}) 13. Ne5 Bb7 14. Nc6 Qc7 {White cannot keep
his stronghold on c6 for long, Malakhov-Dreev, New Delhi/Teheran 2000 CBM 081.}
) 8... O-O 9. d3 (9. Qb3 {- 8.Qb3}) 9... a6 (9... Nb6 10. Qb3 Bg4 11. Ne5 Bf5
12. O-O {Black has serious problems gaining back the d5 P.} Rc8 13. Re1 Ne8 {
If Black has to blockade d6, White's space advantage in the [+] becomes
annoying.} (13... Nfd7 14. Nxd7 Qxd7 15. Bg5 $16) 14. Bf4 (14. a4 Nd6 $13 {
Gashimov-Szczechowicz, Bydgoszcz 1999}) 14... Nd6 15. h3 $14 {Panno-Tempone,
Argentina 1995}) 10. Qa3 b6 {/\ Bb7, b5, Nb6 winning back the sacrificed P,
but it costs precious time.} (10... Ne8 $143 {gives up the fight for >< d5
forever.} 11. Bf4 Nb6 (11... Ndf6 12. O-O Nd6 13. Rfe1 Re8 14. h3 $14 {and
White has a strong pressure in the [+], Gagunashvili-Barnaure, Dubai 2004.})
12. O-O Nd6 13. Rfe1 {There is no need to defend the passive c4 B.} (13. Qb3
Bf5 14. Rfe1 Rc8 15. Rac1 $5 (15. Nd2 Nd7 $132 {Cicak-Larsson, SWE-chT 2002-03}
)) 13... Nbxc4 14. dxc4 Nxc4 15. Qb4 Nd6 16. Rxe7 Qxe7 17. Bxd6 $16) (10... Nb6
$142 11. Qb3 Bg4 (11... Bf5 12. O-O Qc7 13. Bg5 Nxc4 14. dxc4 Bd3 15. d6 $1
Qxd6 (15... exd6 $2 16. Bxf6 Bxf1 (16... Bxf6 17. Nd5 $18) 17. Nd5 Qxc4 18.
Rxf1 Qxb3 19. axb3 $16) 16. Rfd1 Rac8 17. Bxf6 Bxf6 18. Ne4 Bxe4 19. Rxd6 exd6
$14 {and Black has some compensation for sacrificed Q, but probably not 100%,
Naer-Erenburg, Ashdod 2004.}) 12. Be3 (12. Ne5 Qc7 $13) 12... Nbd7 13. Qxb7
Bxf3 14. gxf3 Rb8 15. Qxa6 {White has a lot of extra pawns, but his P
structure is seriously weakened, his K has no shelter.} Rxb2 16. Qa3 Rb8 17.
Ke2 (17. O-O Ne5 18. Kg2 Qd7) (17. f4 Ng4 18. O-O e5 $1 19. dxe6 Qh4 20. exf7+
Kh8 $44) 17... Ne5 $44 {Rahman-Neelotpal, Dhaka 1999}) 11. O-O Bb7 12. Re1 Re8
(12... b5 13. Bb3 Re8 14. Ng5 {- 12.Re1}) 13. Ng5 $5 (13. Bg5 b5 14. Bb3 Nb6
15. Bxf6 (15. Re2 Nbxd5 $13 {Vaisman-D.Ross, FRA-chT 1989}) 15... Bxf6 {
and White cannot hold his stronghold on d5 anymore.} 16. Ne4 Bg7 $13) 13... b5
14. Bb3 Nb6 (14... Qb6 $143 {is not fighting directly against >< d5.} 15. Qb4
Qd6 (15... a5 $5 16. Qxb5 Qxb5 17. Nxb5 a4 18. Bc4 $16) (15... h6 16. Nge4 a5
17. Qxb5 Qxb5 18. Nxb5 a4 19. Bc4 $16) 16. Qh4 h5 (16... Rac8 17. Nce4 $16) 17.
Nxf7 $1 Kxf7 18. Re6 Qc5 19. Be3 Qc8 20. d6 Kf8 21. Bf4 {1-0 Rahman-Villamayor,
Manila 1995}) (14... h6 {helps only for White.} 15. Nge4 Nxe4 16. dxe4 Ne5 17.
Rd1 Qc7 18. d6 exd6 19. Qxd6 Qxd6 20. Rxd6 $14 {Naer-Mittelman, Ashdod 2004}) (
14... Rc8 $5 $13) 15. d6 e6 {Now >< d6 becomes vulnerable, Black's pieces are
rather active.} 16. Nge4 (16. Qb4 h6 17. Nge4 Nfd5 18. Nxd5 Nxd5 $142 $13 (
18... exd5 {closes the /^ of the light-squared B.} 19. Nc5 Qxd6 20. Bf4 Qf8 21.
d4 Nc4 $13 {Goreskul-Mokalets, UKR-ch 2004})) 16... Nxe4 (16... Nbd7 {-
Harikrishna-L.Dominguez, Bermuda 2005 CBM 106.}) 17. Nxe4 (17. dxe4 $5 Be5 18.
Rd1) 17... Bxe4 $142 (17... h6 {/\ Bf8, defending >< g5.} 18. Bd2 Bf8 19. Qa5 (
19. Ba5 {is less adequate:} Bxe4 20. dxe4 Bxd6) 19... Bxe4 20. dxe4 Bxd6 21.
Rad1 $14 {J.Vilela}) (17... Be5 {allows} 18. Bg5 $16) 18. dxe4 ({but not} 18.
Rxe4 $2 Nc8 19. Bf4 Bf8 $15) 18... Be5 19. Rd1 (19. Be3 Bxd6 20. Bc5 Bxc5 21.
Qxc5 $13) (19. Qc5 Bxd6 20. Qe3 Nd7 $13) 19... Qh4 20. g3 $6 (20. f4 $5 {
giving back the other P was better:} Bxf4 21. Bxf4 Qxf4 22. Qc5 $14) 20... Qxe4
21. Be3 Nd7 (21... Nd5 22. Bc5 $14) 22. Rd2 Red8 (22... a5 23. Rc1 a4 24. Bc2
Qc4 $13) 23. Rad1 Nf6 $4 {[%mdl 8192] The blockading N has to remain on the
blockading square!} (23... Rdc8 $44 {/\ Rc6, Rac8 and the b3 B cannot find his
place.}) 24. d7 $18 {Now White's o^ becomes a monster and White penetrates on
the dark squares.} Qb7 25. Qe7 $1 Qc6 26. Bg5 $1 Qf3 (26... Kg7 27. Re2 Ng8 28.
Qxd8 $18) 27. Bxe6 $1 {Finally this B joins the -> as well!} Kh8 (27... fxe6
28. Qxe6+ Kg7 29. Qxe5 $18) 28. Rd3 1-0

[Event "FIDE-Wch k.o."]
[Site "New Delhi/Teheran"]
[Date "2000.11.30"]
[Round "2.1"]
[White "Malakhov, Vladimir"]
[Black "Dreev, Alexey"]
[Result "1/2-1/2"]
[WhiteElo "2605"]
[BlackElo "2676"]
[Annotator "Lukacs,P"]
[PlyCount "60"]
[EventDate "2000.11.27"]
[EventType "k.o."]
[EventRounds "7"]
[EventCountry "IND"]
[SourceTitle "CBM 081"]
[Source "ChessBase"]
[SourceDate "2001.03.20"]
[SourceVersion "1"]
[SourceVersionDate "2001.03.20"]
[SourceQuality "1"]

1. c4 c6 2. e4 d5 3. cxd5 (3. exd5 cxd5 4. d4 {transposes to the Panov Attack.}
) 3... cxd5 4. exd5 Nf6 5. Qa4+ {White wants to confuse the black pieces and
hang on the d5 P.} Nbd7 6. Nc3 g6 7. Nf3 Bg7 8. Qb3 a6 {/\ b5, Bb7} (8... O-O
9. Bc4 Nc5 {- Kacheishvili-Negulescu, Manhattan March Int New York 1999 CBM 70}
(9... a6 10. a4 Qa5 {- Becerra Rivera-Burmakin, Linares Anibal op 1997 CBM 58})
) 9. a4 Nb6 (9... Qb6 10. Bc4 Qxb3 11. Bxb3 {and it is not so easy for Black
to get back the sacrificed P.} Nc5 12. Bc4 Bf5 13. d4 Nd3+ 14. Bxd3 Bxd3 15.
Bf4 {/\ d6} O-O 16. O-O-O Bc4 17. d6 exd6 18. Bxd6 Rfc8 19. a5 Ng4 20. Bg3 $14
{Rodriguez Talavera-Lopez, Sevilla 1992}) (9... O-O 10. Bc4 {- 8...0-0 9. Bc4
a6 10.a4}) 10. Bc4 {This move doesn't look healthy, and later White has to
give back the P anyway.} (10. a5 {gives back the P immediately, but gets some
|^, at least for a while.} Nbxd5 11. Bc4 e6 12. O-O O-O 13. d3 b5 (13... h6 {
is a slow plan. Black has to solve the problem of his c8 B.} 14. Bd2 Qd7 15.
Rfe1 Rd8 16. Rac1 Qd6 17. Ne4 Qf8 18. h3 Kh7 19. Ng3 Bd7 {Perhaps it is too
late.} 20. Ne4 Be8 21. Nxf6+ Bxf6 22. Bxd5 Rxd5 23. Qxb7 $16 {winning an
important P on the <<, G.Kuzmin-Kruppa, Nikolaev 1993.}) 14. axb6 Nxb6 15. Be3
Nfd7 $5 {This seems to be the logical continuation.} (15... Nxc4 {This
strengthens White's P structure.} 16. dxc4 (16. Qxc4 $6 {is out of question
because of} Bb7 $15) 16... Qc7 17. Bb6 Qb8 18. Na4 {White has to concentrate
all of his forces on the <<.} Bb7 $5 (18... Nd7 19. Rfd1 Nxb6 20. Nxb6 Ra7 21.
c5 Rc7 22. Rac1 Qb7 23. Qa3 $14 {with a strong o^ on c5, Fernandez
Garcia-Silman, New York 1987.}) 19. Bc5 (19. Bd4 Ng4 $1 {suddenly Black gets
counterchances on the >>.} 20. Bxg7 Kxg7 (20... Bxf3 $4 21. Qxb8 Rfxb8 22. gxf3
$18) 21. g3 Qc7 $13) 19... Rc8 20. Rfd1 Be4 21. Qe3 Bc2 $13) 16. Na4 (16. Rfd1
Bb7 $13) 16... Nxa4 (16... Nxc4 17. dxc4 (17. Qxc4 $6 Bb7 $15) 17... Rb8 18.
Qc2 Bb7 $13 {^^}) 17. Rxa4 Qc7 (17... Rb8 18. Rb4) 18. Rc1 Nc5 19. Bxc5 (19.
Bb5 $6 {is strongly answered by} Qxh2+ $1 20. Kxh2 Nxb3 21. Rc7 Rb8 22. Bxa6
Bxa6 23. Rxa6 Bxb2 {1/2:1/2 A.Rodriguez-P.Schlosser, Cienfuegos 1997}) 19...
Qxc5 20. d4 Qd6 $11 {with a comfortable position for Black because of the
weaknesses on b2 and d4.}) 10... Nxc4 (10... O-O 11. O-O) 11. Qxc4 O-O 12. O-O
b6 (12... b5 $5 {looks also tempting for example:} 13. Qc5 (13. Qb3 Bb7) 13...
Bb7 14. axb5 (14. Re1 Nxd5) 14... axb5 15. Rxa8 Qxa8 16. Re1 Nxd5 $13 {with a
strong ^^.}) 13. Ne5 Bb7 14. Nc6 Qc7 {White cannot keep his stronghold on c6
for long.} 15. d3 Rfc8 (15... Bxc6 {is less adequate:} 16. Bf4 e5 17. Bg3 Rfc8
18. dxc6 Qxc6 19. Qxc6 Rxc6 20. Bxe5 $14) 16. Be3 (16. Bf4 Qd7 $11) (16. Re1
Bxc6 17. dxc6 Qxc6 (17... e6 $5) 18. Qxc6 Rxc6 19. Rxe7 Rd8 {winning back the
P with an active position.}) 16... Bxc6 17. dxc6 {Now already White has to
fight for a draw.} Qd6 (17... Qxc6 $15 {and the isolated P on d3 is a
long-term target.}) 18. Ne4 Qxc6 (18... Nxe4 19. Qxe4 Rxc6 20. Rac1 Rac8 21.
Rxc6 Rxc6 $15 {>< d3}) 19. Rac1 Qd7 20. Nxf6+ Bxf6 21. Qb3 Bd4 {This only
helps for White.} (21... b5 $15) 22. Rc4 $1 {improving White's P structure
saves the day.} Bxe3 (22... Rxc4 23. dxc4 $11) 23. fxe3 Qe6 ({or} 23... Rxc4
24. Qxc4 $11 {grabbing <-> c.}) 24. Rxc8+ Rxc8 25. Qxe6 fxe6 {The R _|_ is
drawish, as usual.} 26. Rf4 Rc1+ 27. Rf1 Rc5 28. Rf4 Rc1+ 29. Rf1 Rc6 30. Rf4
Rc1+ 1/2-1/2

[Event "FIDE World Cup"]
[Site "Khanty-Mansiysk"]
[Date "2005.12.03"]
[Round "3.1"]
[White "Harikrishna, Pentala"]
[Black "Dreev, Alexey"]
[Result "1/2-1/2"]
[WhiteElo "2673"]
[BlackElo "2694"]
[Annotator "Lukacs,P"]
[PlyCount "50"]
[EventDate "2005.11.27"]
[EventType "k.o."]
[EventRounds "7"]
[EventCountry "RUS"]
[SourceTitle "CBM 111"]
[Source "ChessBase"]
[SourceDate "2006.04.04"]
[SourceVersion "1"]
[SourceVersionDate "2006.04.04"]
[SourceQuality "1"]

1. e4 c6 2. d3 d5 3. Nd2 e5 4. Ngf3 Bd6 5. Qe2 Qe7 (5... Nf6 $5) 6. d4 $1 {
White immediately wants to solve the tension in the [+].} (6. g3 {/\ Bg2 is
the quiet King's Indian Attack setup.} Nf6 7. Bg2 O-O 8. O-O Re8 (8... dxe4 {
giving up the [+] early favours White, Nc4 may come.} 9. dxe4 Nbd7 10. Nc4 Bc7
11. b3 b5 12. Ba3 b4 13. Bb2 $14 {and White has created a stronghold on >< c4,
Ljubojevic-Lobron, Indonesia 1983.}) 9. Re1 Qc7 10. b3 a5 11. a3 Nbd7 12. Bb2
dxe4 {Even here this exchange was not obligatory.} 13. dxe4 Bc5 14. Nh4 Nf8 15.
Nf5 g6 16. Ne3 Ne6 {1/2-1/2 Vujosevic-Kostic, Nis 1997}) 6... exd4 (6... dxe4
$2 {helps only for White to activate his pieces.} 7. Nxe4 Bc7 8. dxe5 $16) 7.
exd5 cxd5 8. Nxd4 {If White can maintain his blockade over >< d4, he has
better chances when the _|_ will come.} Nc6 (8... Bg4 9. f3 Bd7 {This
provocation is not a big deal.} 10. N2b3 Nc6 11. Be3 (11. Bg5 Qxe2+ 12. Bxe2
Nxd4 13. Nxd4 f6 14. Bh4 {/\ Bg3 eliminating the important dark-squared B.} Ne7
15. Bg3 Bxg3+ 16. hxg3 Nf5 17. Nxf5 Bxf5 18. O-O-O O-O-O 19. Rd4 {firmly
blockading the d5 isolated P. Black's B mayíalso become passive in the long
run.} Rhe8 20. Kd2 $14 {Balashov-Kharitonov, St Petersburg 2001}) 11... a6 12.
Nxc6 Bxc6 13. Nd4 Bd7 14. O-O-O Nf6 15. Bg5 O-O 16. Qxe7 Bxe7 17. Bd3 h6 18.
Bh4 Bc5 19. Bf2 $14 {Jo.Horvath-P.Kiss, Basel 2001}) 9. N2b3 (9. N2f3 {allows
the pin} Bg4 (9... Bd7 10. Bg5 Qxe2+ 11. Bxe2 Nge7 12. O-O-O Rd8 13. Rhe1 f6
14. Be3 $14 {White's blockade looks successful.} Bb8 15. g3 Ne5 16. Bd2 {
1/2:1/2 Ljubojevic-Karpov, Bilbao 1987}) 10. h3 (10. Qxe7+ Ngxe7 11. c3 O-O 12.
Bd3 Nxd4 (12... Bc5 13. h3 Bxf3 14. Nxf3 d4 {Black wants to get rid of his
weakness of d5, but gave up the ^^.} 15. b4 Bd6 16. b5 Ne5 17. Nxe5 Bxe5 18. c4
a6 19. Rb1 axb5 20. Rxb5 Nc6 21. a3 Bd6 {(Lendwai-Burmakin, Velden 1995)} 22.
c5 $14) 13. Nxd4 Nc6 14. h3 Rfe8+ 15. Be3 Bh5 16. Kd2 $14) 10... Be6 {The B
looks rather ugly here.} (10... Nxd4 11. Qxe7+ Nxe7 12. Nxd4 Bd7 13. Be3 $14)
11. Bg5 (11. g3 Nf6 12. Bg5 h6 13. Bxf6 Qxf6 {giving up the ^^ is not
recommendable for White.} 14. O-O-O O-O 15. Bg2 Bc5 $13 {Glek-Dreev, Saint
Vincent 2005}) 11... Nf6 (11... Bb4+ $2 12. c3 Nxd4 $2 13. Bxe7 $1 Bxc3+ 14.
bxc3 Nxe2 15. Bd6 $2 $16) 12. O-O-O O-O 13. Qd2 $14) 9... Bg4 $1 (9... Bd7 10.
Bg5 {White wants to steer towards the _|_.} Qxe2+ 11. Bxe2 Nge7 12. c3 (12.
O-O-O Rd8 13. Rhe1 f6 14. Be3 $14) 12... Ne5 13. O-O-O (13. Nb5 $5 Bb8 14. Nc5
Bc6 $13) (13. O-O O-O 14. Rfe1 f6 15. Be3 {/\ Nc4} Rac8) 13... f6 14. Be3 a6
15. Kb1 Kf7 16. h3 Rac8 17. Bc1 (17. g4 Nc4) 17... h5 18. Ka1 $14 {
Smagin-Karpov, Cap d'Agde 1996}) (9... Nf6 {The N is less effective against d4
than on e7.} 10. Qxe7+ $1 (10. Bd2 Bd7) 10... Kxe7 (10... Bxe7 11. Bb5 Bd7 12.
Bf4 $14) 11. Bg5 (11. Bd2 Re8 12. O-O-O Ng4 (12... a6 {(Anand-Karpov, Brussels
m/1 1991)} 13. Bg5 h6 14. Re1+ Kf8 $14 {Karpov}) 13. Re1+ Kf8 14. Rxe8+ Kxe8
15. Bb5 Bd7 16. f3 Nge5 $14 {Ljubojevic-Seirawan, Beograd 1991 CBM 27}) 11...
Re8 12. O-O-O $14) (9... a6 10. Bg5 Qxe2+ 11. Bxe2 f6 12. Bh4 $5 (12. Be3 Nge7
13. O-O-O Ne5 {/\ Ng4 and c4 and it is not easy to parry both.} 14. h3 Nc4 15.
Bxc4 dxc4 16. Na5 c3 $1 {corrupting White's P structure.} 17. bxc3 (17. Ne6
cxb2+ 18. Kb1 Bxe6 19. Rxd6 Kf7 $11 {Ye Jiangchuan-Adianto, Kuala Lumpur 1993})
17... Nd5 18. Nc4 Bc7 $5 (18... Be7 19. Kb2 $14) 19. Nf5 Bxf5 20. Rxd5 Be6 $44)
12... Nge7 13. Bg3 Ne5 14. O-O-O $14) 10. f3 $6 (10. Qxe7+ {Exchanging the
queens helps for White to go for a slightly better _|_.} Ngxe7 11. Be3 (11. f3
{If White can avoid this weakening move he can get the clearly better
structure.} Bd7 12. c3 O-O 13. Be3 Ne5 {/\ b5, Nc4 with some counterplay.} 14.
O-O-O a6 15. Bf2 Rfc8 16. Kb1 b5 $132 {Movsesian-Pantsulaia, Warsaw 2005})
11... O-O 12. h3 Bh5 13. Nxc6 Nxc6 14. c3 Rfe8 15. g4 $5 (15. Be2 Bxe2 16. Kxe2
Bf4 $11) 15... Bg6 16. Bg2 Bf4 17. Bxd5 Rad8 $11 {Gavrilov-Kharitonov, St
Petersburg 2001}) 10... Be6 $142 $1 {[%mdl 8] Black wants to avoid the
exchange of the Q.} (10... Nxd4 11. Nxd4 Bd7 12. Bg5 (12. Bd2 O-O-O 13. O-O-O
Qxe2 14. Bxe2 Ne7 15. Bc3 a6 16. g3 $14 {1/2-1/2 Vujosevic-Ristic, Vrnjacka
Banja 1998}) 12... Qxe2+ 13. Bxe2 Ne7 14. O-O-O (14. Nb5 $5 Be5 15. O-O-O a6)
14... a6 15. Bd3 $14) (10... Bd7 {- 8....Bg4}) 11. Be3 Nf6 {White has problems
with his development, castles >> is not easy, with opposite castled kings the
isolated P is not the most important factor.} 12. Nb5 (12. O-O-O O-O 13. Qd2 a5
$132) 12... Nd7 13. Nxd6+ Qxd6 14. O-O-O O-O {White has won the ^^ and firmly
controls >< d4.} 15. g4 $2 {With opposite castled kings White wants to attack
on the >>, but this also weakens his P structure.} (15. Kb1 {was safer.} Rfe8
$13) 15... Rfe8 16. Qf2 Nde5 (16... a5 $6 {/\ a4-a3} 17. a3 Rac8 18. Bb5 $14 {
>< b5}) (16... Rac8 $5 17. Kb1 (17. Nd4 Nde5 $132) 17... d4 $1 {This
positional P sacrifice is hanging in the air all the times.} 18. Bxd4 (18. Nxd4
Nb4 $1 19. c4 (19. a3 $2 Nxc2 $1) 19... Bxc4) 18... Bxb3 19. axb3 Nxd4 20. Qxd4
Qxd4 21. Rxd4 Re1+ 22. Ka2 Ne5 $44) 17. Kb1 d4 $1 {This is the point again!
The isolated P has to be blockaded!} 18. Bc1 (18. Bxd4 Bxb3 19. axb3 Red8 {
with a nasty pin on the d <->.} 20. f4 Nxg4 21. Qg3 Nf6 22. Rg1 g6 23. c3 Nxd4
$15) 18... Nxf3 $1 $17 (18... Rad8 $15) 19. Be2 Bxb3 20. axb3 Nfe5 21. Bf4 Rac8
{White's ^^ cannot compensate the loss of the P and the [+].} 22. Bxe5 Rxe5 23.
Bc4 Rf8 24. Rhf1 Qe7 25. h4 b5 {Why draw?} (25... b5 26. Bd3 a5 $17 {looks
clearly better for Black.}) 1/2-1/2